000 00602nam a2200229Ia 4500
003 OSt
005 20221005122803.0
006 a|||||r|||| 00| 0
007 ta
008 221004b |||||||| |||| 00| 0 tam d
024 _a52296
037 _cTextual
040 _aCRL
_cCRL
_btam
041 _2tam
_atam
082 _aV21:1:L, 31J2
100 _aDikshitar Ramachandra Ed.
_9632601
245 0 _aKarnataka rajakkal savistara carittiam
260 _c1952
650 _aHISTORY
942 _hV21:1:L, 31J2
_cTEXL
_2cc
999 _c1045366
_d1045366